000 01768cam a22004814a 4500
001 muse86521
003 MdBmJHUP
005 20210127151725.0
006 m o d
007 cr||||||||nn|n
008 200531r20201962ncu o 00 0 eng d
020 _a9781469657806
020 _z9780807888322
035 _a(OCoLC)1157940430
040 _aMdBmJHUP
_cMdBmJHUP
041 1 _aeng
_hfre
043 _ae-gx---
050 4 _aML128.N3
_bL6 1962
100 1 _aLinker, Robert White,
_eauthor.
245 1 0 _aMusic of the Minnesinger and Early Meistersinger
_bA Bibliography /
_cRober White Linker.
264 1 _bProject Muse,
264 3 _bProject MUSE,
300 _a1 online resource (1 EPUB unpaged) :
_bfacsimile, music.
490 0 _aUNC studies in the Germanic languages and literatures ;
_vnumber 32
500 _aIssued as part of book collections on Project MUSE.
506 0 _aOpen Access
_fUnrestricted online access
_2star
588 _aDescription based on print version record.
650 0 _aMeistersinger.
650 0 _aMinnesingers.
650 0 _aSongs, German
_vBibliography.
655 0 _aElectronic books.
655 7 _aElectronic books.
_2local
710 2 _aProject Muse,
_edistributor.
776 1 8 _iPrint version:
_w(DLC) 62062958
_z9780807888322
710 2 _aProject Muse.
_edistributor
830 0 _aUniversity of North Carolina studies in the Germanic languages and literatures ;
_vno. 32.
830 0 _aBook collections on Project MUSE.
856 4 0 _zFull text available:
_uhttps://muse.jhu.edu/book/75798/
999 _c26797
_d26797